000 00702nam a22001815i 4500
001 168087
003 ES-MaACL
005 20230906213702.0
008 981211s1878 fr a |||| | fre d
040 _aCCPB | B
_bspa
_cCCPB | B
100 1 _aYriarte, Charles (
_d1833-1898)
_9133995
245 1 0 _aVenise
_b: histoire, art, industrie, la ville, la vie /
_cpar Charles Yriarte.
260 _aParis :
_bJ. Rothschild,
_c1878.
300 _aXII, 328 p., [55] h. de lám. grab. :
_bil. ;
_c40 cm.
500 _aEn port.: Ouvrage orné de 525 gravures dont 50 tirées hors texte et plusiers en couleur.
651 4 _aVenecia-
_xHistoria.
_99515
852 _aES-MaACL
_jC-1061
_z-- Enc. tela ed. cromolit.
999 _c168087
_d168087